Normal view
MARC view
- USA
Entry Geographic Name
001 - CONTROL NUMBER
- control field: 105274
003 - CONTROL NUMBER IDENTIFIER
- control field: NUST
005 - DATE AND TIME OF LATEST TRANSACTION
- control field: 20221220100014.0
008 - FIXED-LENGTH DATA ELEMENTS
- fixed length control field: 221220|| aca||aabn | a|a d
040 ## - CATALOGING SOURCE
- Original cataloging agency: NUST
- Transcribing agency: NUST
151 ## - HEADING--GEOGRAPHIC NAME
- Geographic name: USA
- General subdivision: foreign policy
- General subdivision: nationalism
- General subdivision: terrorism
- General subdivision: interventions
- Geographic subdivision: Middle East
670 ## - SOURCE DATA FOUND
- Source citation: Work cat.: (NUST)190495: Lieven, Anatol. 3726, America right or wrong :, 2004.
